| 000 | 00707cam a22002295a 4500 | ||
|---|---|---|---|
| 001 | 4019116 | ||
| 005 | 20180104120234.0 | ||
| 008 | 971212r1998 nyua frb 001 0 eng d | ||
| 020 | _a048665088X (pbk.) | ||
| 020 | _a9780486650883 | ||
| 040 |
_aDLC _cDLC _dDLC _dEG-ScBUE _beng |
||
| 082 | 0 | 4 |
_a621.38043 _222 _bHAM |
| 100 | 1 |
_aHamming, R. W. _q(Richard Wesley), _d1915-1998. |
|
| 245 | 1 | 0 |
_aDigital filters / _cR. W. Hamming. |
| 250 | _a3rd ed. | ||
| 260 |
_aMineola : _bDover Publications, _c1998. |
||
| 300 |
_axiv, 284 p. : _bill. ; _c22 cm. |
||
| 504 | _aIncludes bibliographical references and index. | ||
| 650 | 7 |
_aDigital filters (Mathematics) _2BUEsh |
|
| 653 |
_bGGEN _cJanuary2018 |
||
| 942 | _2ddc | ||
| 999 |
_c25858 _d25830 |
||